[Event "Rheinland Pfalz op 53th"]
[Site "Heimbach Weis"]
[Date "2025.06.21"]
[Round "6"]
[White "Kaster, Martin"]
[Black "Yugay, Artem Vlad"]
[Result "1/2-1/2"]
[WhiteElo "2039"]
[BlackElo "1852"]
[PlyCount "138"]
[EventDate "2025.06.19"]
[EventType "swiss"]
[EventRounds "7"]
[EventCountry "GER"]
[SourceTitle "CB26_2025"]
[SourceDate "2025.06.25"]
[SourceVersion "1"]
[SourceVersionDate "2025.06.25"]
[SourceQuality "1"]

1. Nf3 d5 2. d4 Nf6 3. c4 e6 4. g3 Bb4+ 5. Nbd2 0-0 6. Bg2 b6 7. 0-0 Bb7 8. Ne5 Nbd7 9. f4 Ne4 10. Nxe4 dxe4 11. e3 f6 12. Nd3 Be7 13. f5 exf5 14. Nf4 Qc8 15. Qh5 Re8 16. Bh3 Nf8 17. Bxf5 Qb8 18. Ne6 g6 19. Qh6 Nxe6 20. Bxe6+ Kh8 21. Bf7 Bf8 22. Qf4 Bg7 23. Bxe8 g5 24. Qf2 Qxe8 25. Bd2 Bc8 26. Bc3 Bg4 27. d5 Bf3 28. b4 Rd8 29. a4 h5 30. Qb2 Qg6 31. Kf2 Qf5 32. Ke1 Kh7 33. a5 b5 34. cxb5 Rxd5 35. Bd4 Rxb5 36. Bxa7 c5 37. Bxc5 Qxc5 38. bxc5 Rxb2 39. Rf2 Rb3 40. Rc2 f5 41. Raa2 Rxe3+ 42. Kf2 Bd4 43. Kf1 Rb3 44. Rc1 e3 45. c6 e2+ 46. Rxe2 Bxe2+ 47. Kxe2 Re3+ 48. Kd2 Re8 49. Kd3 Be5 50. Rc5 Bc7 51. Rxf5 Kg6 52. Rd5 Ra8 53. Rd7 Bxa5 54. Ke4 Re8+ 55. Kd5 Rd8 56. Ke6 Rxd7 57. cxd7 Bd8 58. h4 gxh4 59. gxh4 Bf6 60. d8Q Bxd8 61. Ke5 Bxh4 62. Ke4 Kg5 63. Kf3 Be1 64. Kg2 h4 65. Kh1 Kg4 66. Kg2 h3+ 67. Kh2 Kh4 68. Kg1 Kg3 69. Kh1 Bf2 1/2-1/2

[Event "Oberliga Sued W 2122"]
[Site "Germany"]
[Date "2022.06.26"]
[Round "5.6"]
[White "Friedrich, Marius"]
[Black "Kaster, Martin"]
[Result "1/2-1/2"]
[WhiteElo "2083"]
[BlackElo "2041"]
[PlyCount "86"]
[EventDate "2021.10.24"]
[EventType "team-tourn"]
[EventRounds "9"]
[EventCountry "GER"]
[SourceTitle "EXT 2023"]
[Source "ChessBase"]
[SourceDate "2022.10.05"]
[SourceVersion "1"]
[SourceVersionDate "2022.10.05"]
[SourceQuality "1"]
[WhiteTeam "Gau Algesheim"]
[BlackTeam "Altenkirchen"]
[WhiteTeamCountry "GER"]
[BlackTeamCountry "GER"]

1. e4 d5 2. exd5 Nf6 3. d4 Bg4 4. f3 Bf5 5. Bb5+ Nbd7 6. c4 a6 7. Bxd7+ Qxd7 8. Nc3 b5 9. b3 e6 10. dxe6 fxe6 11. Nge2 Rd8 12. 0-0 Qc6 13. cxb5 axb5 14. Be3 Ba3 15. Qd2 0-0 16. Rfd1 Rd7 17. d5 Nxd5 18. Nxd5 Rxd5 19. Qe1 Rfd8 20. Rxd5 Qxd5 21. Nc3 Qe5 22. f4 Qf6 23. Nxb5 Bb4 24. Qc1 c6 25. a3 Bf8 26. Nd4 Rxd4 27. Bxd4 Qxd4+ 28. Kh1 Bd6 29. a4 Bc2 30. a5 Bxf4 31. Qg1 Be3 32. Qe1 Bxb3 33. a6 Qa7 34. Qxe3 Qxe3 35. a7 Qxa7 36. Rxa7 h5 37. g3 Bd5+ 38. Kg1 Kh7 39. Kf2 Kg6 40. Ke3 e5 41. Re7 Kf6 42. Rc7 Bg2 43. h4 Bd5 1/2-1/2

[Event "Oberliga Sued W 1920"]
[Site "Germany"]
[Date "2021.07.18"]
[Round "9.4"]
[White "Kaster, Martin"]
[Black "Friedrich, Marius"]
[Result "1/2-1/2"]
[WhiteElo "2060"]
[BlackElo "2068"]
[PlyCount "40"]
[EventDate "2019.09.29"]
[EventType "team-tourn"]
[EventRounds "9"]
[EventCountry "GER"]
[SourceTitle "EXT 2023"]
[Source "ChessBase"]
[SourceDate "2022.10.05"]
[SourceVersion "1"]
[SourceVersionDate "2022.10.05"]
[SourceQuality "1"]
[WhiteTeam "Altenkirchen"]
[BlackTeam "Gau Algesheim"]
[WhiteTeamCountry "GER"]
[BlackTeamCountry "GER"]

1. Nf3 Nf6 2. c4 c6 3. d4 d5 4. Nc3 dxc4 5. a4 Bf5 6. e3 e6 7. Bxc4 Bb4 8. 0-0 0-0 9. Ne5 a5 10. g4 Bg6 11. h4 Bxc3 12. bxc3 Nfd7 13. Nxg6 hxg6 14. g5 Nb6 15. Bb3 Nd5 16. Qd3 f5 17. e4 fxe4 18. Qxe4 Qd6 19. Bd2 Na6 20. Qxg6 Nac7 1/2-1/2

[Event "Oberliga Sued W 1819"]
[Site "Germany"]
[Date "2019.03.24"]
[Round "8.6"]
[White "Kaster, Martin"]
[Black "Robert, Josef"]
[Result "0-1"]
[WhiteElo "2083"]
[BlackElo "1938"]
[PlyCount "106"]
[EventDate "2018.10.21"]
[EventType "team-tourn"]
[EventRounds "9"]
[EventCountry "GER"]
[SourceTitle "EXT 2020"]
[Source "ChessBase"]
[SourceDate "2019.10.17"]
[SourceVersion "1"]
[SourceVersionDate "2019.10.17"]
[SourceQuality "1"]
[WhiteTeam "Altenkirchen"]
[BlackTeam "Winterbach Turm"]
[WhiteTeamCountry "GER"]
[BlackTeamCountry "GER"]

1. d4 Nf6 2. Nf3 e6 3. g3 c5 4. Bg2 Nc6 5. 0-0 Be7 6. c3 0-0 7. dxc5 Bxc5 8. b4 Be7 9. b5 Na5 10. Ba3 d5 11. Bxe7 Qxe7 12. Nbd2 Bd7 13. Qa4 b6 14. Qb4 Qxb4 15. cxb4 Nb7 16. a4 a6 17. e4 axb5 18. Ne5 Be8 19. g4 Rxa4 20. Rab1 Nd6 21. exd5 Nxd5 22. Bxd5 exd5 23. Rfd1 f6 24. Nd3 Bg6 25. Nf1 Ra3 26. Nf4 Bxb1 27. Rxb1 Ne4 28. Nxd5 Nc3 29. Nxc3 Rxc3 30. Ne3 Rd8 31. Rb2 g6 32. Kg2 Rdd3 33. Ra2 Rb3 34. Ra6 Rxb4 35. Rxb6 Kg7 36. Rb7+ Kh6 37. Rb6 Kg5 38. h4+ Kxh4 39. Rxf6 Rxe3 40. fxe3 Kxg4 41. Rf2 Re4 42. Re2 b4 43. Rb2 h5 44. Kf2 g5 45. Rb1 h4 46. Ke2 Kf5 47. Rf1+ Ke5 48. Rf8 h3 49. Re8+ Kd5 50. Rg8 h2 51. Rd8+ Kc4 52. Rd1 Rh4 53. Rh1 b3 0-1

[Event "Oberliga Sued W 1718"]
[Site "Germany"]
[Date "2018.01.21"]
[Round "7.5"]
[White "Schmidt, Johannes"]
[Black "Kaster, Martin"]
[Result "1/2-1/2"]
[WhiteElo "2164"]
[BlackElo "2091"]
[PlyCount "49"]
[EventDate "2017.09.10"]
[EventType "team-tourn"]
[EventRounds "11"]
[EventCountry "GER"]
[SourceTitle "EXT 2019"]
[Source "ChessBase"]
[SourceDate "2018.10.10"]
[SourceVersion "1"]
[SourceVersionDate "2018.10.10"]
[SourceQuality "1"]
[WhiteTeam "Illingen Turm"]
[BlackTeam "Altenkirchen"]
[WhiteTeamCountry "GER"]
[BlackTeamCountry "GER"]

1. Nf3 d5 2. c4 c6 3. b3 Bf5 4. Bb2 e6 5. g3 Nf6 6. Bg2 Nbd7 7. 0-0 Bd6 8. Nc3 h6 9. d3 0-0 10. e4 Bg4 11. h3 Bxf3 12. Bxf3 d4 13. Nb1 e5 14. Bg2 a5 15. a3 Qb6 16. Nd2 Nc5 17. Qc2 Nfd7 18. Bc1 Ne6 19. Nf3 Be7 20. Nh2 Qc7 21. h4 Bd6 22. Bh3 Rae8 23. Qe2 Nf6 24. Ng4 Nh7 25. Rb1 1/2-1/2

[Event "Oberliga Sued W 1617"]
[Site "Germany"]
[Date "2017.04.23"]
[Round "9.5"]
[White "Kaster, Martin"]
[Black "Ronge, Tim Hendrick"]
[Result "1/2-1/2"]
[WhiteElo "2116"]
[BlackElo "2135"]
[PlyCount "106"]
[EventDate "2016.09.25"]
[EventType "team-tourn"]
[EventRounds "9"]
[EventCountry "GER"]
[SourceTitle "EXT 2018"]
[Source "ChessBase"]
[SourceDate "2017.10.13"]
[SourceVersion "1"]
[SourceVersionDate "2017.10.13"]
[SourceQuality "1"]
[WhiteTeam "Altenkirchen"]
[BlackTeam "Heimbach Weis/Neuwied"]
[WhiteTeamCountry "GER"]
[BlackTeamCountry "GER"]

1. Nf3 Nf6 2. c4 c5 3. Nc3 g6 4. g3 Bg7 5. Bg2 0-0 6. d4 cxd4 7. Nxd4 Nc6 8. Nc2 d6 9. 0-0 Be6 10. b3 Qd7 11. Re1 a6 12. Bb2 Rab8 13. a4 Ne8 14. Rb1 Nc7 15. Nd5 b5 16. Bxg7 Kxg7 17. Nxc7 Qxc7 18. axb5 axb5 19. cxb5 Na7 20. Nd4 Nxb5 21. Nxb5 Rxb5 22. Qd4+ Kg8 23. Rec1 Rxb3 24. Ra1 Qb6 25. Qxb6 Rxb6 26. Rc7 Rfb8 27. f4 Rb1+ 28. Rxb1 Rxb1+ 29. Kf2 Kf8 30. Bf3 Rb5 31. h4 Bd5 32. Bxd5 Rxd5 33. Kf3 Rc5 34. Ra7 Rc3+ 35. Kf2 d5 36. Rd7 e6 37. Ra7 h5 38. Rb7 Ke8 39. Ra7 Kf8 40. Rb7 Kg7 41. Ra7 Kf6 42. Rb7 Rc4 43. Kf3 Re4 44. Rd7 Rc4 45. Rb7 e5 46. fxe5+ Ke6 47. Rb6+ Kxe5 48. Rb7 f6 49. Re7+ Kd6 50. Rg7 Rg4 51. e3 Ke6 52. Rg8 Kf7 53. Rd8 Ke6 1/2-1/2

[Event "Liechtenstein op 25th"]
[Site "Triesen"]
[Date "2007.05.15"]
[Round "5"]
[White "Gimmel, Rolf"]
[Black "Kaster, Martin"]
[Result "1/2-1/2"]
[WhiteElo "1931"]
[BlackElo "2143"]
[PlyCount "57"]
[EventDate "2007.05.11"]
[EventType "swiss"]
[EventRounds "9"]
[EventCountry "LIE"]
[SourceTitle "CBM 118 Extra"]
[Source "ChessBase"]
[SourceDate "2007.07.04"]
[SourceVersion "1"]
[SourceVersionDate "2007.07.04"]
[SourceQuality "1"]

1. c4 e5 2. Nc3 Nf6 3. g3 d5 4. cxd5 Nxd5 5. Bg2 Nb6 6. Nf3 Nc6 7. d3 Be7 8. 0-0 Be6 9. a3 a5 10. Bd2 0-0 11. Qc2 f5 12. Rad1 a4 13. Rc1 g5 14. e3 g4 15. Ne1 Bb3 16. Qb1 Na5 17. f4 Nac4 18. Rf2 Nxd2 19. Rxd2 exf4 20. gxf4 Nc4 21. Bd5+ Kh8 22. dxc4 c6 23. Qd3 cxd5 24. Nxd5 Bc5 25. Qc3+ Kg8 26. Nd3 Ba7 27. Ne5 Rc8 28. Qb4 Bc5 29. Qc3 1/2-1/2

[Event "GER-ch 71st"]
[Site "Altenkirchen"]
[Date "1999.11.16"]
[Round "5"]
[White "Paulsen, Dirk"]
[Black "Kaster, Martin"]
[Result "1-0"]
[WhiteElo "2331"]
[BlackElo "2072"]
[PlyCount "75"]
[EventDate "1999.11.12"]
[EventType "swiss"]
[EventRounds "9"]
[EventCountry "GER"]
[SourceTitle "CBM 074"]
[Source "ChessBase"]
[SourceDate "2000.02.01"]
[SourceVersion "1"]
[SourceVersionDate "2000.02.01"]
[SourceQuality "1"]

1. e4 c6 2. d4 d5 3. Nc3 dxe4 4. Nxe4 Nf6 5. Nxf6+ gxf6 6. Nf3 Bg4 7. Bc4 e6 8. Bf4 Bd6 9. Bg3 h5 10. Bh4 Nd7 11. 0-0 Qc7 12. Kh1 0-0-0 13. Bd3 Rdg8 14. c4 f5 15. c5 Bf4 16. b4 Bxf3 17. Qxf3 Rg4 18. g3 Bg5 19. Bxg5 Rxg5 20. b5 h4 21. bxc6 bxc6 22. Ba6+ Kd8 23. Rg1 hxg3 24. fxg3 Nf6 25. Rab1 Ng4 26. Rg2 Rh3 27. Rgb2 Rgh5 28. Rb8+ Ke7 29. R8b7 Rxh2+ 30. Kg1 Qxb7 31. Rxb7+ Kf6 32. Be2 R2h3 33. Bf1 Nh2 34. Qxc6 Rxg3+ 35. Bg2 Ng4 36. Rxf7+ Kg5 37. Qxe6 Kf4 38. Qd6+ 1-0

[Event "GER-ch 71st"]
[Site "Altenkirchen"]
[Date "1999.11.15"]
[Round "4"]
[White "Kaster, Martin"]
[Black "Seger, Ruediger"]
[Result "0-1"]
[WhiteElo "2072"]
[BlackElo "2412"]
[PlyCount "82"]
[EventDate "1999.11.12"]
[EventType "swiss"]
[EventRounds "9"]
[EventCountry "GER"]
[SourceTitle "CBM 074"]
[Source "ChessBase"]
[SourceDate "2000.02.01"]
[SourceVersion "1"]
[SourceVersionDate "2000.02.01"]
[SourceQuality "1"]

1. d4 Nf6 2. Nf3 g6 3. c4 Bg7 4. Nc3 d5 5. e3 0-0 6. Bd3 c5 7. dxc5 Qa5 8. 0-0 dxc4 9. Bxc4 Qxc5 10. Qb3 Nc6 11. Be2 Na5 12. Qa4 Bd7 13. Qh4 Rac8 14. e4 Qh5 15. Bg5 Qxh4 16. Bxh4 Rfe8 17. e5 Ng4 18. Rad1 Bc6 19. e6 f5 20. Nd4 Rcd8 21. Nxc6 Nxc6 22. Bxg4 fxg4 23. Nd5 Bd4 24. Nc7 Rf8 25. b3 Rf5 26. a4 a6 27. Rc1 g5 28. Bg3 h5 29. Nxa6 h4 30. Bc7 Ra8 31. b4 Rxa6 32. b5 Rxa4 33. bxc6 bxc6 34. Rxc6 Rxf2 35. Bb6 Rxf1+ 36. Kxf1 Ra1+ 37. Ke2 Ra2+ 38. Kd3 Bxb6 39. Rxb6 Kg7 40. g3 Rxh2 41. Ke4 Kf6 0-1